000 00613nam a22002177a 4500
003 OSt
008 240515b2021 |||||||| |||| 00| 0 eng d
020 _a9789355736970
082 _a658.72
_bMON-P
100 _aMonczka, Robert M.
245 _aPurchasing & supply chain management /
_cRobert M. Monczka,,,[et al.]
250 _a7th
260 _aAustralia :
_bCengage Learning,
_c2021.
300 _axxxii, 880 p. ;
650 _aPurchasing.
650 _aIndustrial management.
700 _aHandfield, Robert B.
700 _aGiunipero, Larry C.
700 _aPatterson, james L.
942 _2ddc
_cBK
_02
999 _c20504
_d20504